000 00677nam a2200229Ia 4500
001 8763
003 GE_BSU
008 181216s||||||||xx |||||||||||||| ||und||
040 _cGE_BSU
080 _a821.353.1-1
100 _aიმედაძე, გრიგოლ
245 _aთერგი
245 _bლექსები
245 _cრედ. შ. ძიძიგური, მხატვ. ი. ჯანაშვილი
260 _aთბილისი.
260 _bსაბჭ.საქართველო
260 _c1955
300 _a144გვ. 17სმ.
653 _aთერგი
653 _aლექსები
942 _cBK
999 _c42073
_d42073